Die Pfefferkörner - 9. Generation - Statistiken

Allgemein
  • Dieses Quiz wurde 94 mal gespielt
  • Das Durchschnittsergebnis liegt bei 5 aus 6
Antwortstatistiken
Bildquiz Antwort % Korrekt
Mia Goldman
94%
Bennet "Benny" Jansen
87%
Alice Goldman
85%
Johannes von Wied-Litzow
85%
Lisha Schulze
85%
Murphy
52%
Keine übereinstimmenden Quizze gefunden
Verteilung der Resultate
Anzahl Personen mit jedem Resultat
Perzentil nach korrekt beantworteten Fragen
Ihre Resultats-Entwicklung
Sie haben dieses Quiz noch nicht gespielt